=LDR 00000nam 2200000 4500 =001 INLIS000000000003803 =005 20130612092115 =008 ***********************************Ind** =035 ##$$0010-061300000003803 =041 ##$$a Ind =082 ##$$a 520 =090 ##$$a 520, Van g =100 ##$$a Vancleave, Janice Pratt =245 ##$$a Gembira bermain dengan astronomi, 101 percobaan yang pasti berhasil, Janice Pratt Vancleave; penerjemah, Dedi Pakar =260 ##$$a 1993 $b Jakarta =300 ##$$a xii, 243 hlm., ilus., 21 cm =650 ##$$a Astronomi =700 ##$$a Pakar, Dedi =850 ##$$a NBPNMAT